Evaluation on the application of Directive 79/7/EEC on the progressive implementation of the principle of equal treatment for men and women in matters

Bibliographic Details
Format: eBook
Language:English
Published: Bruselas: European Union Publications Office, 2019
Subjects:
Online Access:Acceso restringido

MARC

LEADER 00000nam a22000007a 4500
005 20220202214126.0
007 cr|||| ||||
008 220202s2019 eu |||||s||||i00||0 eng d
020 |a 978-92-76-06208-0 
035 |a 34756 
040 |a vLex 
090 |c 12903  |d 12903 
245 0 0 |a Evaluation on the application of Directive 79/7/EEC on the progressive implementation of the principle of equal treatment for men and women in matters  |h [Recurso electrn̤ico] / 
256 |a Servicio en ln̕ea 
260 |a Bruselas:  |b European Union Publications Office,  |c 2019 
300 |a 1 recurso electrn̤ico 
500 |a Directive 79/7/EEC aims at implementing the principle of equal treatment between men and women in social security matters, by requiring that equal treatment is ensured in selected social security and social assistance schemes. This study forms part of the REFIT programme and assesses the Directive’s effectiveness, efficiency, coherence, relevance, sustainability and EU added value. Based on its results, it provides policy recommendations with a view to a possible modernisation of the Directive. The study recognises the relevance and European added value of the Directive, its principle being fully integrated in national legislations. Moreover, the Directive has represented, and still represents, an important reference in European case law for tackling cases of gender discrimination. However, improvements might be necessary in order to ensure full effectiveness, efficiency and coherence of the relevant legislation. The first recommendation relates to a revision of the Directive’s scope, starting with its exclusions and derogations. A second recommendation suggests the codification of key CJEU case law in the text of a revised Directive. The study also suggests to improve the coherence of EU legislation through aligning key concepts of the relevant legislation and to improve the enforcement of the Directive’s principle at national level by increasing the involvement of national equality bodies. 
506 1 |a Disponible solo en los productos indicados  |d vLex Global  |d vLex Global (Academic Edition, excluding Law Schools)  |d vLex Global (U.S. Academic Edition, Law Schools)  |d vLex Global (U.S. Academic Edition, excluding Law Schools)  |d vLex Global (Academic Edition, Law Schools) 
650 0 4 |a Derecho Comunitario  |z Unin̤ Europea 
740 0 |a vLex Libros (Servicio en ln̕ea) 
856 4 0 |u https://app.vlex.com/#/sources/34756  |z Acceso restringido 
942 |c BOOK 
999 0 |a Community Law